MARC

LEADER 00000nam0a2200000 4500
001 217957
005 20231031194700.0
035 |a (RuTPU)RU\TPU\book\237961 
035 |a RU\TPU\book\180719 
090 |a 217957 
100 |a 20120609e1910 km y0rusy50 ca 
101 0 |a rus 
102 |a RU 
105 |a acf z 000zb 
200 1 |a Восшествие на престол Императора Николая I   |e В двух частях  |f Г. Василич  |g со многими портретами и рисунками 
205 |a 4-е изд. 
210 |a Москва  |c Московское Книгоиздательское Товарищество "Образование"  |d [1910] 
215 |a 159, [1] с.  |c ил. 
225 1 |a Русская быль  |h вып. 6 
316 |5 63413507: 73//510  |a Комбинированный владельческий переплет черного цвета, "мраморный" обрез. Серия на экземпляре не указана 
317 |5 63413507: 73//510  |a Поступила в ноябре 1923 г. в дар от профессора ТТИ А. П. Малышева в составе коллекции. 
600 0 |a Николай  |d I  |c российский император из династии Романовых (1825-1855)  |f 1796-1855  |2 stltpush  |3 (RuTPU)RU\TPU\pers\7201 
610 1 |a Россия 
610 1 |a история 
610 1 |a 19 век 
610 1 |a Восстание декабристов 
610 1 |a дары библиотеке 
610 1 |a коллекция А. П. Малышева 
686 |a Т3(2)52  |v LBC/SL-A  |2 rubbk 
686 |a Т3(2)521-425  |v LBC/SL-A  |2 rubbk 
700 1 |a Василич  |b Г. 
801 1 |a RU  |b 63413507  |c 20091005 
801 2 |a RU  |b 63413507  |c 20170310  |g RCR 
942 |c BK